Georgia Counties by Population - Statistics

General Stats
  • This quiz has been taken 78 times
  • The average score is 19 of 159
Answer Stats
Population County % Correct
1,065,334 Fulton
100%
766,802 Cobb
88%
757,718 DeKalb
88%
964,546 Gwinnett
81%
296,329 Chatham
75%
274,615 Cherokee
69%
260,206 Forsyth
69%
297,100 Clayton
63%
207,369 Hall
63%
245,235 Henry
63%
205,617 Muscogee
63%
205,673 Richmond
56%
156,762 Bibb
50%
128,711 Clarke
50%
149,956 Coweta
50%
173,780 Paulding
50%
110,843 Bartow
44%
145,814 Douglas
44%
120,574 Fayette
44%
86,658 Barrow
38%
166,829 Houston
38%
94,082 Rockdale
38%
99,853 Walton
38%
159,639 Columbia
31%
84,844 Dougherty
31%
98,771 Floyd
31%
84,739 Glynn
31%
119,276 Lowndes
31%
115,355 Newton
31%
102,848 Whitfield
31%
82,442 Bulloch
25%
121,968 Carroll
25%
80,286 Jackson
25%
65,711 Liberty
25%
69,720 Troup
25%
68,397 Catoosa
19%
66,741 Effingham
19%
67,909 Spalding
19%
68,510 Walker
19%
46,938 Bryan
13%
55,664 Camden
13%
2,919 Glascock
13%
2,243 Quitman
13%
2,819 Baker
6%
43,781 Baldwin
6%
2,882 Clay
6%
3,699 Echols
6%
58,237 Gordon
6%
46,774 Habersham
6%
35,626 Harris
6%
49,547 Laurens
6%
33,411 Lee
6%
43,023 Oconee
6%
34,024 Pickens
6%
43,496 Polk
6%
6,287 Randolph
6%
5,341 Stewart
6%
5,742 Talbot
6%
1,558 Taliaferro
6%
45,842 Thomas
6%
5,240 Warren
6%
2,367 Webster
6%
18,488 Appling
0%
8,391 Atkinson
0%
11,079 Bacon
0%
18,562 Banks
0%
17,158 Ben Hill
0%
18,147 Berrien
0%
12,607 Bleckley
0%
18,101 Brantley
0%
16,270 Brooks
0%
24,310 Burke
0%
25,781 Butts
0%
5,509 Calhoun
0%
11,037 Candler
0%
12,766 Charlton
0%
9,048 Chattahoochee
0%
24,932 Chattooga
0%
6,725 Clinch
0%
43,386 Coffee
0%
45,812 Colquitt
0%
17,225 Cook
0%
12,153 Crawford
0%
19,879 Crisp
0%
16,326 Dade
0%
28,497 Dawson
0%
29,038 Decatur
0%
19,759 Dodge
0%
10,885 Dooly
0%
10,619 Early
0%
19,579 Elbert
0%
22,716 Emanuel
0%
10,672 Evans
0%
25,817 Fannin
0%
23,785 Franklin
0%
32,026 Gilmer
0%
25,918 Grady
0%
19,536 Greene
0%
8,630 Hancock
0%
30,572 Haralson
0%
26,409 Hart
0%
11,565 Heard
0%
9,618 Irwin
0%
15,278 Jasper
0%
14,872 Jeff Davis
0%
15,524 Jefferson
0%
8,639 Jenkins
0%
9,160 Johnson
0%
28,400 Jones
0%
19,080 Lamar
0%
9,907 Lanier
0%
7,749 Lincoln
0%
17,152 Long
0%
34,278 Lumpkin
0%
12,004 Macon
0%
30,885 Madison
0%
7,440 Marion
0%
21,633 McDuffie
0%
11,123 McIntosh
0%
20,793 Meriwether
0%
5,919 Miller
0%
21,521 Mitchell
0%
28,712 Monroe
0%
8,653 Montgomery
0%
20,635 Morgan
0%
39,951 Murray
0%
15,140 Oglethorpe
0%
28,417 Peach
0%
19,976 Pierce
0%
19,477 Pike
0%
9,917 Pulaski
0%
22,585 Putnam
0%
17,119 Rabun
0%
4,478 Schley
0%
14,105 Screven
0%
9,197 Seminole
0%
26,865 Stephens
0%
29,283 Sumter
0%
23,052 Tattnall
0%
7,799 Taylor
0%
12,414 Telfair
0%
8,964 Terrell
0%
41,212 Tift
0%
26,911 Toombs
0%
12,875 Towns
0%
6,306 Treutlen
0%
8,966 Turner
0%
7,856 Twiggs
0%
25,521 Union
0%
27,720 Upson
0%
36,033 Ware
0%
19,785 Washington
0%
30,380 Wayne
0%
7,471 Wheeler
0%
28,442 White
0%
8,739 Wilcox
0%
9,513 Wilkes
0%
8,831 Wilkinson
0%
20,554 Worth
0%
No matching quizzes found
Score Distribution
Percent of People with Each Score
Percentile by Number Answered
Your Score History
You have not taken this quiz